Effect of drying on the cyanide content and its toxicity in seeds of Hevea brasiliensis (Record no. 57809)
[ view plain ]
| 000 -LEADER | |
|---|---|
| fixed length control field | 00878nam a2200181Ia 4500 |
| 100 ## - MAIN ENTRY--AUTHOR NAME | |
| Personal name | Okafor P N |
| 245 #0 - TITLE STATEMENT | |
| Title | Effect of drying on the cyanide content and its toxicity in seeds of Hevea brasiliensis |
| 260 ## - PUBLICATION, DISTRIBUTION, ETC. (IMPRINT) | |
| Name of publisher | Natural Rubber Research |
| Year of publication | 2005 |
| 300 ## - PHYSICAL DESCRIPTION | |
| Number of Pages | 137-141 |
| 520 ## - SUMMARY, ETC. | |
| Summary, etc | Over drying of shelled whole seeds of Hevea brasiliensis at 60-180 degree C over 30 to 180 min resulted in reduction (8.5 to 43.63;) in cyanide content. Drying of chipped seeds was more effective. Rats fed with feed formulation containing such processed rubber seed kernels did not show any toxicity symptoms although there was increase in cyanide and thiocyanate in the blood serum and urine. |
| 650 ## - SUBJECT ADDED ENTRY--TOPICAL TERM | |
| Topical Term | Animal feed |
| 650 ## - SUBJECT ADDED ENTRY--TOPICAL TERM | |
| Topical Term | Cyanide toxicity |
| 650 ## - SUBJECT ADDED ENTRY--TOPICAL TERM | |
| Topical Term | Rubber seed |
| 700 ## - ADDED ENTRY--PERSONAL NAME | |
| Personal name | Njoku O U |
| 700 ## - ADDED ENTRY--PERSONAL NAME | |
| Personal name | Okorie U |
| 942 ## - ADDED ENTRY ELEMENTS (KOHA) | |
| Koha item type | Journals |
| Withdrawn status | Lost status | Damaged status | Not for loan | Home library | Current library | Shelving location | Date acquired | Serial Enumeration / chronology | Koha item type |
|---|---|---|---|---|---|---|---|---|---|
| Journals | RRII Library | RRII Library | Rubber seed | 20/09/2006 | Volume 18, Issue 2 | Journals |